[Event "Capablanca Memorial-A"]
[Site "Cienfuegos"]
[Date "1991.??.??"]
[Round "2"]
[White "Hernandez Guerrero, Gilberto Eduardo"]
[Black "Sariego Figueredo, Wilfredo"]
[Result "1/2-1/2"]
[WhiteElo "2525"]
[BlackElo "2420"]
[Annotator "Schussler,H"]
[PlyCount "49"]
[EventDate "1991.??.??"]
[EventType "tourn"]
[EventRounds "13"]
[EventCountry "CUB"]
[EventCategory "10"]
[SourceTitle "CBM 026"]
[Source "ChessBase"]
[SourceDate "1992.02.01"]
[SourceVersion "1"]
[SourceVersionDate "1992.02.01"]
[SourceQuality "1"]

1. e4 e5 2. Nf3 Nc6 3. Bb5 Nf6 4. O-O Bc5 5. c3 (5. Nxe5 Nxe5 6. d4 a6 7. Be2
Ba7 8. dxe5 Nxe4 9. Qd5 Qh4 10. g3 Nxg3 11. hxg3 Qxg3+ 12. Qg2 Qxe5 13. Nc3 $14
{Rodriguez,Am-Sariego,W, Capablanca mem 1991 (CBM 26/ game 229).}) 5... O-O 6.
d4 Bb6 7. dxe5 {7.Bg5 is the main alternative - see Lanka,Z-Borkowski,F,
Moscow 1991 (CBM 26/ game 394) for an illustrative game.} Nxe4 8. Qd5 Nc5 9.
Bg5 Ne7 10. Qd1 Ne4 11. Bh4 d5 12. c4 $5 {New. 12.Nbd2 used to be played.} c6
13. Ba4 (13. cxd5 Qxd5 $1 14. Bxe7 Qxd1 15. Rxd1 Nxf2 16. Rd4 Re8 $13) 13...
Bg4 14. cxd5 cxd5 15. Nc3 (15. Bxe7 $2 Qxe7 16. Qxd5 Bxf3 17. gxf3 Nxf2 18.
Rxf2 Qh4 19. Qd2 Rad8 20. Qc2 Bxf2+ 21. Qxf2 Qxa4 $19) 15... g5 16. Bg3 Nxg3
17. hxg3 h6 18. Qd3 {18.Qd2} Bf5 19. Qd2 d4 20. Nb5 Bd7 21. Qb4 Nc6 22. Qd2 Bg4
23. Qd3 Bh5 24. Bb3 Kh8 25. Rad1 $13 1/2-1/2

[Event "NED-ch45"]
[Site "Hilversum"]
[Date "1990.06.21"]
[Round "9"]
[White "Nijboer, Friso"]
[Black "Ree, Hans"]
[Result "1-0"]
[WhiteElo "2485"]
[BlackElo "2455"]
[Annotator "Schussler,H"]
[PlyCount "121"]
[EventDate "1990.06.11"]
[EventType "tourn"]
[EventRounds "11"]
[EventCountry "NED"]
[EventCategory "9"]
[SourceTitle "CBM 019"]
[Source "ChessBase"]
[SourceDate "1990.12.01"]
[SourceVersion "1"]
[SourceVersionDate "1990.12.01"]
[SourceQuality "1"]

1. e4 e5 2. Nf3 Nc6 3. Bb5 Bc5 4. O-O Nf6 5. c3 O-O 6. d4 Bb6 7. Bg5 h6 8. Bh4
d6 9. a4 a5 10. Re1 Bg4 11. Bxc6 bxc6 12. dxe5 dxe5 13. Qxd8 Raxd8 14. Nxe5 g5
15. Bg3 h5 16. Nxc6 Rde8 17. Nd2 Bd7 18. e5 Ng4 19. Nd4 h4 20. h3 hxg3 21. hxg4
f6 22. exf6 Bxa4 23. fxg3 Rxf6 24. N2f3 Rxe1+ 25. Rxe1 Bd7 26. Re5 Rg6 27. Rd5
Be6 28. Rxg5 Rxg5 29. Nxg5 Bxg4 30. Kf2 c5 31. Ndf3 c4+ 32. Ke2 a4 33. Ne4 Bf5
34. Nfd2 Bc7 35. Ke3 Bb6+ 36. Kf4 Be6 37. Ke5 Bf7 38. Nf6+ Kg7 39. Nd5 Bf2 40.
Ne4 Ba7 41. Nd2 Bb8+ 42. Ke4 Bxg3 43. Nxc4 Bg6+ 44. Kd4 Bf2+ 45. Nce3 Bc2 46.
Nb4 Bg6 47. Nd3 Bg1 48. Nf4 Bb1 49. c4 Kf7 50. Ne2 Bf2 51. Nc3 Bc2 52. Ne4 Bg1
53. Ng5+ Kf6 54. Nh3 $1 Bxe3+ 55. Kxe3 Kf5 56. Nf2 Bb3 57. Kd4 Kf4 58. Nd3+ Kg3
59. c5 Kxg2 60. c6 Kf1 61. Nc5 1-0

[Event "Leon"]
[Site "Leon"]
[Date "1990.??.??"]
[Round "7"]
[White "Romero Holmes, Alfonso"]
[Black "Braga, Fernando Alberto"]
[Result "1-0"]
[WhiteElo "2460"]
[BlackElo "2480"]
[Annotator "Schussler,H"]
[PlyCount "37"]
[EventDate "1990.06.??"]
[EventType "tourn"]
[EventRounds "11"]
[EventCountry "ESP"]
[EventCategory "9"]
[SourceTitle "CBM 020"]
[Source "ChessBase"]
[SourceDate "1991.02.01"]
[SourceVersion "1"]
[SourceVersionDate "1991.02.01"]
[SourceQuality "1"]

1. e4 e5 2. Nf3 Nc6 3. Bb5 Nf6 4. O-O Bc5 5. Nxe5 Nxe5 6. d4 c6 $6 {Usual is 6.
- a6.} 7. f4 $5 (7. dxe5 Nxe4 8. Bd3 d5 9. exd6 Nxd6 $6 10. Re1+ Be6 $2 11.
Rxe6+ fxe6 12. Qh5+ $18) 7... Qb6 8. dxc5 Qxc5+ 9. Kh1 Neg4 10. e5 Nf2+ 11.
Rxf2 Qxf2 12. exf6 cxb5 13. Nc3 d5 14. Be3 Qh4 (14... Qxe3 15. Nxd5 Qc5 16.
fxg7 Rg8 17. Nf6+ $18) 15. fxg7 Rg8 16. Nxd5 Rxg7 17. Nc7+ Kf8 18. Qd6+ Kg8 19.
Bf2 {19. - Rg6 20.Qxg6+ + -} 1-0

[Event "Altensteig"]
[Site "Altensteig"]
[Date "1990.??.??"]
[Round "10"]
[White "Luther, Thomas"]
[Black "Gabriel, Christian"]
[Result "1-0"]
[WhiteElo "2385"]
[BlackElo "2365"]
[Annotator "Schussler,H"]
[PlyCount "47"]
[EventDate "1990.07.??"]
[EventType "tourn"]
[EventRounds "11"]
[EventCountry "GER"]
[EventCategory "9"]
[SourceTitle "CBM 020"]
[Source "ChessBase"]
[SourceDate "1991.02.01"]
[SourceVersion "1"]
[SourceVersionDate "1991.02.01"]
[SourceQuality "1"]

1. e4 e5 2. Nf3 Nc6 3. Bb5 Nf6 4. O-O Bc5 5. Nxe5 Nxe4 6. Qe2 Nxe5 7. Qxe4 Qe7
8. d4 (8. Nc3 Ng6 9. Qxe7+ Bxe7 10. Nd5 Bd6 11. Re1+ Kd8 $10 {Grünfeld,Y-Salov,
V, Haifa 1989.}) 8... Nc6 9. Qg4 $5 (9. Qxe7+ Bxe7 10. c3 a6 11. Bd3 $10) 9...
h5 (9... f5 $5 10. Qxf5 Nxd4 11. Qh5+ g6 12. Qd1 Nxb5 13. Re1 Bxf2+ 14. Kxf2
O-O+ 15. Kg1 Qh4 $5 $13) 10. Qxg7 Bxd4 11. Qg3 h4 12. Qd3 Bf6 13. Nc3 Ne5 14.
Qd1 c6 15. f4 cxb5 16. Nd5 Qd6 17. fxe5 Bxe5 18. Bf4 $18 Bxf4 19. Rxf4 Qc5+ 20.
Kh1 h3 21. b4 hxg2+ 22. Kxg2 Qf8 23. Qd4 Rh6 24. Qe5+ 1-0

[Event "Sautron op 16th"]
[Site "Sautron"]
[Date "2016.10.22"]
[Round "8.3"]
[White "Stany, George Anthony"]
[Black "Koziak, Vitali"]
[Result "1-0"]
[WhiteElo "2471"]
[BlackElo "2479"]
[Annotator "Stany,GA"]
[PlyCount "111"]
[EventDate "2016.10.22"]
[EventType "swiss"]
[EventRounds "9"]
[EventCountry "FRA"]
[SourceTitle "EXT 2019"]
[Source "ChessBase"]
[SourceDate "2018.10.10"]
[SourceVersion "1"]
[SourceVersionDate "2018.10.10"]
[SourceQuality "1"]
[TimeControl "40/5400+30:1800+30"]
[WhiteClock "0:13:10"]
[BlackClock "0:24:51"]

{This was my game from penaltimate round in Sautron Open.I was 5.5/7 and it
was a must win game for me to play for the title. My opponent is a solid
player who has been maintaining 2480 rating for quite sometime So I was
prepared for a long game.} 1. e4 {[%emt 0:00:00]} e5 {[%emt 0:00:00]} 2. Nf3 {
[%emt 0:00:00]} Nc6 {[%emt 0:00:00]} 3. Bb5 {[%emt 0:00:00]} Nf6 {[%emt 0:00:
00]} 4. d3 {[%emt 0:00:00]} Bc5 {[%emt 0:01:05]} 5. Bxc6 {[%emt 0:00:00] This
line is extremely popular these days.} dxc6 {[%emt 0:02:28]} 6. Nbd2 {[%emt 0:
00:00]} Nd7 {[%emt 0:05:57]} ({Pertinent:} 6... Qe7 7. h3 O-O 8. Nc4 Nd7 9. Qe2
b5 10. Ne3 Nb6 11. Nf5 Bxf5 12. exf5 Nd7 13. Nd2 Bb4 14. c3 Ba5 15. Ne4 b4 16.
O-O Rfd8 17. cxb4 Bxb4 18. Be3 f6 19. Qc2 Nb6 20. a3 Bd6 21. Qxc6 Qd7 22. Qxd7
Rxd7 23. Rfc1 Nd5 24. Bd2 Bf8 25. g3 a5 26. Kf1 a4 27. Ke2 Rb8 28. Rc2 Rb3 29.
Rac1 Rd8 30. Nc3 Nxc3+ 31. Bxc3 Rd5 32. g4 c6 33. Rg1 h6 34. h4 Be7 35. Rg3 Kf7
36. Kd2 {Caruana,F (2787)-Nakamura,H (2793) London 2015 1/2-1/2}) 7. O-O {
[%emt 0:00:51]} O-O {[%emt 0:00:31]} 8. Nc4 {[%emt 0:00:05]} Re8 {[%emt 0:01:
01]} 9. Be3 {[%emt 0:00:07]} Bd6 {[%emt 0:10:57]} 10. a4 {[%emt 0:04:43]} c5 {
[%emt 0:04:06]} 11. Nfd2 {[%emt 0:10:19]} Nb8 $146 {[%emt 0:04:04]} (11... Nf8
{was played last year in the game Lu,S (2570)-Malakhov,V (2706) China 2015})
12. f4 {[%emt 0:13:21]} (12. Qh5 g6 13. Qh6 Bf8 14. Qg5 Qxg5 15. Bxg5 Nc6 $11)
(12. Nxd6 {Stockfish preferes this} cxd6 13. f4 exf4 14. Bxf4 Be6 15. Nc4 $14)
12... exf4 {[%emt 0:00:13]} 13. Bxf4 {[%emt 0:00:06]} Bxf4 {[%emt 0:14:54]} 14.
Rxf4 {[%emt 0:00:15]} Nc6 {[%emt 0:04:35]} (14... Qg5 $1 {Was better as it
stops Qh5} 15. Qf3 Be6 16. Rf1 Nc6 $11) 15. Qh5 {[%emt 0:02:00]} g6 $6 {
[%emt 0:03:35] Creates weakness on king side} (15... Be6 16. Raf1 (16. Qxc5
Qd4+ 17. Qxd4 Nxd4 $15) 16... Qe7 17. Ne3 {With slight edge for White}) 16. Qh6
{[%emt 0:08:44]} (16. Qxc5 Qd4+ 17. Qxd4 Nxd4 18. Rff1 Nxc2 19. Rac1 Nd4 $11)
16... Qd4+ {[%emt 0:02:02]} 17. Rf2 {[%emt 0:11:56]} (17. Kh1 Qg7 18. Qg5 Nd4
$11) 17... Be6 {[%emt 0:04:46]} 18. Raf1 {[%emt 0:01:26]} Qg7 {[%emt 0:07:11]}
(18... f5 19. Ne3) 19. Qg5 {[%emt 0:01:43]} b6 {[%emt 0:01:15]} 20. Rf6 {
[%emt 0:10:16] Stopping f5 and increasing pressure} Rad8 {[%emt 0:06:20]} 21.
Ne3 {[%emt 0:07:54]} Rd7 {[%emt 0:05:04]} 22. b3 {[%emt 0:02:04] Stopping c4
counterplay forever and Black has run out of plans} h6 {[%emt 0:04:04]} (22...
Nd4 23. Ndc4 Nc6 24. Ne5 Nxe5 25. Qxe5 $16) 23. Qh4 {[%emt 0:05:49]} Kh7 {
[%emt 0:02:23]} 24. Ng4 {[%emt 0:03:21]} Bxg4 {[%emt 0:03:47]} (24... Nd4 25.
Nc4 (25. Rxg6 Qxg6 26. Nf6+ Kh8 27. Nxe8 Qg5 $1 $11) 25... Bxc4 26. bxc4 $16)
25. Qxg4 {[%emt 0:00:04]} Ne5 {[%emt 0:00:32]} 26. Qxd7 $1 {[%emt 0:00:07]
Probably my opponent missed this shot} Nxd7 {[%emt 0:00:22]} 27. Rxf7 {[%emt 0:
00:05]} Ne5 {[%emt 0:00:40]} 28. Rxg7+ {[%emt 0:00:27]} Kxg7 {[%emt 0:00:02]
First task of getting material advantge is done and now it's time to improve
my pieces again} 29. Nc4 {[%emt 0:03:57]} Nc6 {[%emt 0:00:27]} 30. Kf2 {
[%emt 0:01:40]} Nd4 {[%emt 0:02:21]} 31. Ne3 {[%emt 0:00:09] On e3 the knight
supports c2 pawn and threatens to go to d5} Rd8 {[%emt 0:05:11]} 32. Ke1 {
[%emt 0:00:28]} h5 {[%emt 0:00:52]} 33. Kd2 {[%emt 0:00:38]} Rd7 {[%emt 0:00:
38]} 34. Nc4 {[%emt 0:04:39] Vacating e3 square for the king} Re7 {[%emt 0:00:
31]} 35. Rf2 {[%emt 0:01:59]} Rd7 {[%emt 0:00:15]} 36. Ke3 {[%emt 0:01:24]} Re7
{[%emt 0:00:16]} 37. c3 $1 {[%emt 0:01:13]} Nf5+ {[%emt 0:04:20]} (37... Nxb3
38. Rb2 Na5 (38... Na1 39. Rb1 Nc2+ 40. Kd2 {knight trap}) 39. Nxa5 bxa5 40.
Rb5 $18) 38. Kd2 {[%emt 0:00:29]} Nd6 {[%emt 0:01:02]} 39. Ne3 {[%emt 0:04:09]}
(39. Nxd6 {going to rook ending should also win but I prefered to keep the
knight} cxd6 40. Ke3 Re8 41. d4 Re7 42. h4 Re8 43. dxc5 dxc5 44. Rd2 Re7 45.
Rd6 Kf7 46. Kf4) 39... Rd7 {[%emt 0:00:51]} 40. Kc2 {[%emt 0:00:00]} Nf7 {
[%emt 0:00:00]} 41. Nc4 {[%emt 0:03:52]} Re7 {[%emt 0:01:48]} 42. b4 $1 {
[%emt 0:03:51] Opening the c-file to create weakness on Black's queen side.}
cxb4 {[%emt 0:00:38]} 43. cxb4 {[%emt 0:00:04]} Ng5 {[%emt 0:00:42]} 44. Kd2 {
[%emt 0:05:50] Bringing king towards the centre} (44. Kc3 $2 Rxe4 $11) 44...
Rd7 {[%emt 0:01:34]} 45. Ke3 {[%emt 0:00:12]} Re7 {[%emt 0:01:09]} 46. Rc2 {
[%emt 0:01:39]} Re6 {[%emt 0:05:07]} 47. Nd2 {[%emt 0:00:59]} Re7 {[%emt 0:00:
30]} 48. Nf3 {[%emt 0:00:44]} Nf7 {[%emt 0:00:32]} 49. Nd4 {[%emt 0:00:54]} Ne5
{[%emt 0:00:05]} 50. h3 {[%emt 0:06:48]} (50. Rxc7 {is also winning} Rxc7 51.
Ne6+ Kf6 52. Nxc7 Ng4+ 53. Ke2 Nxh2 54. Nb5 $18) 50... Kh6 {[%emt 0:00:40]} 51.
Nc6 {[%emt 0:00:13]} Nxc6 {[%emt 0:00:06]} 52. Rxc6 {[%emt 0:00:04] And the
march of e-pawn cannot be stopped} Kg5 {[%emt 0:00:09]} 53. d4 {[%emt 0:00:08]}
Rg7 {[%emt 0:00:08]} 54. e5 {[%emt 0:01:49]} Kh4 {[%emt 0:00:24]} 55. Ke4 {
[%emt 0:01:11]} Kg3 {[%emt 0:00:29]} 56. Rc2 {[%emt 0:00:04] Black resigned.}
1-0

[Event "RUS-ch"]
[Site "Elista"]
[Date "1996.??.??"]
[Round "3"]
[White "Tiviakov, Sergei"]
[Black "Vasiukov, Evgeni"]
[Result "0-1"]
[WhiteElo "2615"]
[BlackElo "2505"]
[Annotator "Stohl,I"]
[PlyCount "140"]
[EventDate "1996.10.15"]
[EventType "swiss"]
[EventRounds "11"]
[EventCountry "RUS"]
[SourceTitle "CBM 056"]
[Source "ChessBase"]
[SourceDate "1997.02.01"]
[SourceVersion "1"]
[SourceVersionDate "1997.02.01"]
[SourceQuality "1"]

1. e4 {Wedberg Petursson} e5 2. Nf3 Nc6 3. Bb5 Nf6 4. Qe2 (4. O-O Nxe4 5. d4
Nd6 6. Bxc6 dxc6 7. dxe5 Nf5 8. Qxd8+ Kxd8 $132) 4... Be7 (4... a6 5. Ba4 {-C77
} (5. Bxc6 $5)) (4... Bc5 $142 $5 5. c3 (5. Bxc6 bxc6 (5... dxc6 $2 6. Nxe5 Qd4
7. Nd3 Bb6 8. f3) 6. Nxe5 $6 Qe7 7. Nd3 Ba6 8. Nc3 O-O 9. b3 Rfe8 10. f3 Nd5 $1
11. Nxd5 cxd5 12. Bb2 dxe4 13. fxe4 Qxe4 14. Qxe4 Rxe4+ 15. Kd1 Bf8 16. Re1
Rae8 17. Rxe4 Rxe4 18. a4 h5 19. Nf2 Re2 20. Bd4 Bb4 21. c3 c5 $1 $36 {Polgar,
J-Smejkal,J/Moscow olm/1994/}) 5... O-O 6. d3 Re8 7. O-O a6 8. Ba4 h6 9. h3 d5
10. Nbd2 b5 11. Bb3 Be6 12. Re1 Bb6 13. Nf1 d4 14. Ng3 a5 15. Bxe6 fxe6 16. c4
bxc4 17. Qc2 c3 18. bxc3 Qd6 19. Bb2 Nd7 $10 {1/2,Kotsur-Dautov,R/Jerevan olm/
1996/}) 5. O-O (5. Bxc6 dxc6 6. Nxe5 $6 Qd4 $15) (5. c3 d6 6. d4 Bd7 7. h3 O-O
8. O-O Re8 9. d5 Nb8 10. Bd3 g6 11. c4 Na6 12. Nc3 Nc5 13. Bc2 a5 14. Be3 b6
15. Kh2 Nh5 16. g3 $14 {Galdunts,S-Westerinen,H/Jerevan olm/1996/}) 5... d6 6.
d4 (6. c3 O-O 7. d4 $14) (6. c3 $142 {Wedberg}) 6... exd4 7. Nxd4 Bd7 8. Bxc6 (
8. Nxc6 {Wedberg} bxc6 9. Ba4 (9. Bd3 O-O 10. Nd2 Re8 11. Nf3 Bf8 $11 {1/2-1/2
Richter,W-Leibbrand,U/Mannheim MB 1990 (21)}) 9... O-O 10. Nc3 Re8 11. Bf4 Bf8
12. Rad1 Rb8 13. Bb3 Be6 14. Qa6 Rb6 15. Qa4 $14 {Sideif-Zade}) 8... bxc6 {
Wedberg: Compared to the normal Steinitz defence - 3. - d6 - White has
comitted his Q to e2. In face of the coming Re8 this is not an improvement.} 9.
Rd1 $5 $146 (9. e5 dxe5 10. Qxe5 O-O $132 {^^}) (9. Nc3 O-O 10. b3 Re8 11. Bb2
d5 $5 12. e5 Bf8 13. f4 c5 14. Nf3 d4 15. Ne4 Nd5 16. Bc1 Rb8 17. Re1 Rb6 18.
Bd2 Qa8 19. Ng3 Rg6 20. Qd3 a6 21. f5 Rg4 22. a4 Bc6 $13 {Galdunts,S-Kuzmin,G/
Moscow 4/1991/}) 9... O-O 10. Nc3 {More consistent was} (10. e5 $142 $1 Ne8 (
10... dxe5 11. Nxc6 Qe8 12. Nxe7+ $142 $5 (12. Nxe5 Bd6 13. Re1 (13. Bf4 Bg4
14. f3 Nh5 $36) 13... Bxe5 14. Qxe5 Qxe5 15. Rxe5 Rfe8 $44 {@} 16. Bf4 Nd5 17.
Bg3 Rxe5 18. Bxe5 Re8 19. f4 f6 20. Nc3 Nxc3 21. Bxc3 Re2 $10) 12... Qxe7 13.
b3 $14 (13. Bf4 $5 $36)) 11. e6 fxe6 12. Nxe6 Bxe6 13. Qxe6+ Kh8 14. Nc3 $14 {
Black's main positional trump is the ^^, if White exchanges one of the B his
better pawn structure starts to show more clearly.}) 10... Re8 11. Qd3 Qb8 $1
$10 12. b3 Qb4 (12... Qb7 $5) 13. Bb2 Bf8 14. Nde2 Rab8 (14... Nxe4 $4 15. a3
$18) 15. Ng3 Bg4 $5 16. f3 Bc8 17. Nce2 Nd7 18. Qe3 (18. Nf5 Ne5 {[%cal Gc8f5]
/\Bf5=/+}) 18... Qb6 19. Bd4 (19. Qxb6 $5 {Wedberg} axb6 20. Nd4 Bb7 21. a4 $13
) 19... c5 $8 20. Bc3 Ne5 21. Kh1 f6 (21... g6 $5 {/\} 22. Nf4 Bh6 $1) 22. Nf4
c6 23. Qd2 Qc7 24. Nf5 $6 {White overestimates his position and decides to
draw Black out of his shell.} (24. Re1 Qf7 25. Rad1 $10) 24... d5 (24... Bxf5
$2 25. exf5 $36 {[%cal Rf4e6] /\ Ne6}) 25. Ng3 d4 26. Ba5 (26. Bb2 Nc4 $1 $17)
26... Qf7 27. c3 (27. Nd3 c4 $36) 27... Rb5 {[%csl Ra5] ץa5} 28. cxd4 $2 (28.
c4 $142 Rb7 29. Qc2 g5 $5 $15) 28... cxd4 29. a4 (29. b4 $6 c5 $1 {/\} 30. bxc5
Nc4) (29. Qe1 c5 $17) 29... Rxb3 30. Qxd4 Nc4 31. Be1 Ne3 32. Rdc1 c5 33. Qd2
Ba6 34. Bf2 Nc4 35. Qe1 g6 $1 $17 {[%cal Rf8h6] /\Bh6} 36. Nd5 f5 37. Qf1 (37.
Qg1 Bg7 38. Ra2 (38. Rab1 Rxb1 39. Rxb1 fxe4 40. fxe4 Nd2) 38... fxe4 39. fxe4
Nd6 $1 $17) (37. Qd1 Rb2 $40) (37. Rab1 $142 $5 Ra3 $5 $36 (37... Rxb1 38. Rxb1
Bb7 39. Nf6+ $1)) 37... fxe4 (37... Bg7 38. Ra2 $1 $8 (38. Rab1 Rxb1 39. Rxb1
Nd2 $19) (38. Rxc4 fxe4 $1 (38... Bxa1 39. Qxa1 Bxc4 40. Nf6+ Kf8 41. Bxc5+ Re7
42. exf5 $1 $44 {[%cal Rf6d7,Rf6h7] /\Nh7,Nd7}) 39. Rd1 (39. fxe4 Bxc4 40. Qxc4
Bxa1 41. Qxb3 Qxf2 $19) 39... exf3 $19) 38... fxe4 39. fxe4 $13) 38. Nxe4 (38.
fxe4 Rb2 $40) 38... Bg7 39. Nxc5 Rxf3 $3 (39... Bxa1 40. Nxb3 Bb2 41. Re1 $1 (
41. Rd1 Ne3 $1) 41... Rxe1 42. Qxe1 Qxd5 43. Nc5 (43. Qe8+ $5 Kg7 44. Nc5 Qd1+
45. Bg1) 43... Qc6 44. Nxa6 Qxa6 45. Qe8+ Kg7 46. Qe7+ $10) 40. gxf3 (40. Nxa6
$5 Nd2 $1 (40... Rxf2 41. Qxc4 Bxa1 42. Rxa1 Re4 43. Qc8+ Re8 44. Qc4 $10) 41.
Qg1 (41. Qb5 Rxf2 42. Re1 (42. Ra2 Rxg2 $1 43. Rc7 Rg1+ $1 44. Kxg1 Bd4+ $19)
42... Rf8 $1 $40 {[%cal Rg7a1,Rf2g2] /\Ba1,Rg2!}) 41... Rxf2 42. Rc7 $1 Bxa1 $1
(42... Qxd5 43. Rxg7+ Kxg7 44. Qxf2 $10) 43. Rxf7 Rxf7 44. Qxa1 (44. Nac7 Bd4
$1) 44... Re5 $3 45. Nf4 $1 Rxf4 46. Qa2+ Kg7 47. h3 Re2 $17) 40... Ne3 41. Qh3
$8 (41. Qxa6 $2 Qxf3+ $19 (41... Qxf3+ {Wedberg} 42. Kg1 Qg2#)) (41. Nxe3 $2
Bxf1 $19) 41... Bc8 $1 42. Qg3 Be5 43. Ne4 $5 (43. f4 Qxd5+ 44. Kg1 Bxf4 $19) (
43. Nxe3 Bxg3 44. hxg3 Qxf3+ 45. Kg1 Rxe3 46. Bxe3 Qxg3+ $19) (43. Nf4 Bxf4 44.
Qg1 Bh3 $5 $19 {->}) 43... Nxd5 $6 (43... Bxg3 $1 44. Ndf6+ (44. Nef6+ Kh8 45.
Bxe3 Be5 46. Nxe8 Qxf3+ 47. Kg1 Bh3 48. Ra2 Qxd5) 44... Kh8 45. hxg3 (45. Bxg3
Rxe4 $1 (45... Bb7 {Petursson} 46. Rc7 Re7 47. Be5 {is not quite clear}) 46.
Rxc8+ Kg7 47. fxe4 Qxf6 $19) 45... Rxe4 $5 (45... Bb7 46. Bxe3 Bxe4 47. Bd4
Bxf3+ 48. Kg1 Rd8 49. Rc8 Rxc8 50. Ng4+ Qg7 {by tiez malo stacit.}) 46. Rxc8+
Kg7 47. fxe4 Qxf6 48. Rc7+ Kg8 49. Bxe3 Qxa1+ 50. Kg2 a6 $19 {[%cal Ra1a4] /
\Qa4}) 44. Rxc8 $1 $8 (44. Qg2 Nf4 (44... Bxa1 {Wedberg} 45. Nd6 Qf4 46. Rxc8
Rxc8 47. Nxc8 Qxa4 48. Bxa7 (48. Nxa7 Qd1+ 49. Bg1 Bd4 $19) 48... Qd1+ 49. Bg1
Bd4 50. Nd6 Nf6 51. Nb7 Bxg1 52. Qxg1 Qxf3+ 53. Qg2 Qd1+ 54. Qg1 Qd5+ 55. Qg2
Ne4 $19) 45. Qf1 Bh3 $19) 44... Rxc8 $1 (44... Bxg3 45. Rxe8+ Qxe8 46. hxg3 $15
) 45. Qh3 (45. Qxe5 Qxf3+ 46. Kg1 Nf4 47. Nf6+ Kf7 $19) 45... Rc2 46. Rd1 Nf4
$40 47. Qh6 (47. Qg4 h5 48. Qg5 (48. Rd8+ Kg7 49. Qg5 Rc1+ 50. Bg1 Bc7 {
[%cal Rf4h3] /\Nh3}) 48... Nh3 $1 $19 49. Qd8+ Kg7 50. Rd7 Rc1+ 51. Kg2 Nf4+
52. Kg3 Ne6+) 47... Ne6 48. Ng5 (48. Qe3 Bd4 $1 49. Rxd4 Nxd4 50. Qxd4 Qxf3+
51. Kg1 Rc1+ $19) 48... Qb7 $1 49. Ne4 Rxf2 50. Nxf2 Qxf3+ 51. Kg1 Bd4 $1 {
[%cal Rf3f2,Re6f4] /\Qf2,Nf4} (51... Nf4 $2 52. Rd8+ Kf7 53. Qf8+ Ke6 54. Re8+
Kd5 55. Qf7+ Kd4 56. Rd8+ Kc3 57. Rd3+ $1 $18) 52. Rxd4 $8 Nxd4 53. Qd2 (53.
Qg5 Ne2+ (53... Qa8 $5) 54. Kf1 Nf4 55. Qd8+ Kf7 56. Qc7+ Kf6 57. Qd6+ Kf5 $19)
53... Qd5 54. Qd3 Nf3+ 55. Kh1 Qxd3 56. Nxd3 Kf7 $19 {[%csl Ra4,Rh1] _|_><a4,
Kh1} 57. Nb4 (57. Kg2 Nd4 58. Kf2 Ke6 59. Ke3 Kd5 {[%cal Rd5c4] /\Kc4}) 57...
Nd4 58. Kg2 Ke6 59. Kg3 a5 60. Nd3 Kd5 61. Kf4 Kc4 62. Ke4 Nf5 63. Ne5+ Kb3 64.
Kd5 Kxa4 65. Kc4 Ne3+ 66. Kd3 Nf1 67. Nf3 (67. h4 Kb3) 67... Kb3 68. Ke2 Nxh2
$1 {Black has sacrificed nearly every possible piece in this game.} 69. Nxh2 a4
70. Nf3 a3 (70... a3 71. Nd4+ Kb2 72. Kd3 a2 73. Nc2 h5 $19) 0-1

[Event "St Petersburg op2"]
[Site "St Petersburg"]
[Date "1994.??.??"]
[Round "2"]
[White "Zaitsev, Igor A"]
[Black "Orlov, Vassily"]
[Result "0-1"]
[WhiteElo "2460"]
[BlackElo "2350"]
[Annotator "Svidler,P"]
[PlyCount "40"]
[EventDate "1994.10.??"]
[EventType "swiss"]
[EventRounds "9"]
[EventCountry "RUS"]
[SourceTitle "CBM 043 Extra"]
[Source "ChessBase"]
[SourceDate "1995.01.01"]
[SourceVersion "1"]
[SourceVersionDate "1995.01.01"]
[SourceQuality "1"]

1. e4 e5 2. Nf3 Nc6 3. Bb5 Bc5 4. O-O Nf6 5. Nxe5 Nxe5 6. d4 a6 7. dxe5 (7. Ba4
$5) 7... axb5 8. exf6 Qxf6 9. Nc3 c6 10. Be3 (10. e5 Qf5 $1 $13) (10. Qd3 O-O
11. Be3 Bxe3 12. Qxe3 Re8 $13 {Timman,J-Beliavsky,A/Linares/1993/0:1/37/})
10... Bxe3 11. fxe3 Qe5 (11... Qe7 12. Qd4 f6 13. a3 O-O 14. Rad1 $14) 12. Rf5
(12. a3 d6 13. Qd4 Bg4 (13... Be6 $5) 14. h3 Be6 (14... Bh5 15. Qxe5+ dxe5 16.
Rf5 $16) 15. Rad1 Rd8 16. Rf2 Rd7 17. a4 $5 $13 {Rozentalis,E-Polgar,Zs/
Groningen(PCA)/1993/1:0/57/}) 12... Qe6 13. Qd4 O-O 14. Re5 $6 (14. Rd1 d6 15.
Rf4 Qe7 $1 (15... Rd8 16. e5 $1 d5 17. e4 $16) 16. a3 (16. Qxd6 Qxd6 17. Rxd6
b4) 16... Rd8 $13 17. e5 $140 d5 18. e4 Be6) 14... Qh6 15. Re7 (15. Rd1 d6 16.
Re7 Qg5 17. Rc7 (17. Qxd6 b4 $1 $17 18. Qxb4 $2 c5 $19) 17... b4 18. Qxb4 Bh3
19. Rd2 Qxe3+ 20. Rf2 Qc1+ 21. Rf1 Qg5 22. Rf2 $10) 15... Qg5 (15... d6 16. Rd1
{- 15.Rd1}) 16. Re5 Qh6 17. Rf1 $2 (17. Re7 $142 Qg5 $10) 17... d6 18. Re7 Qg5
$1 19. Qxd6 (19. Rc7 Qd8 20. Qb6 Ra6 $19) 19... b4 $1 (19... Bh3 20. Rf2 b4 (
20... Rad8 21. Qe5) 21. Re5 Qxe3 (21... Qg4 22. Qxb4 $18) 22. Qxb4 $16 (22. Nd1
Qc1 $1 23. gxh3 Rad8)) 20. Nd1 $2 (20. Qxb4 c5 $19) (20. Ne2 Qxe3+ 21. Rf2 Rxa2
$19) (20. h4 $1 $8 Qxh4 (20... Qxe3+ $2 21. Kh2 Be6 (21... bxc3 $2 22. Rfxf7 $1
$18 (22. Rexf7 Bf5 $1 $13)) 22. Qxb4 c5 $1 (22... Qh6 23. e5 $16) 23. Qxb7 Qh6
$132) 21. Rfxf7 (21. Qxb4 Qg5 22. Rfxf7 Qxe3+ 23. Kh2 Qh6+ 24. Kg3 Qg6+ $10)
21... Qe1+ 22. Kh2 Qh4+ $10) 20... Bh3 (20... Bh3 21. Rf2 (21. Qg3 $19 Qxe7)
21... Rad8 $19) 0-1